000 02084nam a22003617i 4500
003 DO-SdBNP
005 20240406073831.0
007 ta
008 220530b2019 dr ad||| |||| 00| 0 spa d
020 _a9780984630363
040 _aDO-SdBNP
_bspa
_cBNPHU
_erda
082 4 _a320.97293
_bC968p
_222
245 0 0 _aCultura política de la democracia en la República Dominicana y en las Américas, 2018-19 :
_btomándole el pulso a la democracia /
_ceditores, Rosario Espinal, Jana Morgan, María Fernanda Boidi, Elizabeth J. Zechmeister
260 _aSanto Domingo :
_bUSAID,
_c2019.
264 _aSanto Domingo :
_bUSAID
_bINTEC,
_c2019.
300 _axx, 284 páginas :
_bgráficos ;
_c28 cm.
336 _2rdacontent
_atexto
_btxt
337 _2rdamedia
_asin mediación
_bnc
338 _2rdacarrier
_avolumen
_bn
504 _aBibliografía : p. 233-239
505 0 _aLista de gráficos y tablas --
_t Presentación --
_tIntroducción del barómetro de las américas 2018/19 --
_gCapítulo 1
_tApoyo a la democracia electoral en las Américas y en la República Dominicana --
_gCapítulo 2
_tLegitimidad democrática en las Américas y en la República Dominicana --
_gCapítulo 3
_tRedes sociales y actitudes sociales en América Latina y el Caribe --
_gCapítulo 4
_tDelincuencia, corrupción y justicia en la República Dominicana --
_gCapítulo 5
_tNormas y comportamientos políticos en la República Dominicana --
_gCapítulo 6
_tInclusión social y derechos humanos en la República Dominicana --
_tAnexos.
590 _aInventariado, 2022 /LP
650 0 _aDemocracia
_9286
651 4 _aRepública Dominicana
_xPolítica y gobierno
_y2018-2019
_982999
651 4 _aAméricas
_xPolítica y gobierno
_983002
700 1 _aEspinal, Rosario
_d1955-
_eeditor
_943869
700 1 _aMorgan, Jana,
_eeditor
_954658
700 1 _aBoidi, María Fernanda,
_eeditor
_975260
700 1 _aZechmeister, Elizabeth J.
_eeditor
_975261
710 2 _aAgencias de los Estados Unidos para el Desarrollo Internacional
_981726
910 _aLopérez/Validado. Control de calidad MFF
942 _2ddc
_cLBS1
999 _c51843
_d51843